000 01393nam a2200253 a 4500
999 _c475393
_d475393
003 BLK
005 20230803155437.0
008 180411b bul|||||r ||||||| ||bul||
020 _a9786192072452
040 _aBLK
041 _aBUL
_cBUL
080 _aРуска литература
_b821.161.1
_z821.161.1-92
139 _aНека бъдещето знае!
_bН 50
245 1 0 _aНека бъдещето знае!
_bстатии, очерци, интервюта
_cсъстав., прев., въвед. Живодар Душков
257 _aBGR
260 _aПлевен ; Русе
_bМедиатех
_c2022
_f(Русе ; РУ Ангел Кънчев)
300 _a80 с. : с ил., портр., факс.
_c19 см
380 _aX
500 _aЗа преводача: с. 76. Изд. на Межд. фонд. "Г. Димитров" - Русе Съдържа материали от: Самуил Маршак, Дмитрий Лисков, Николай Стариков, Игор Чубайс, Валентина Оберемко, Александър Колесниченко, Константин Кудряшов, Юрий Гаврилов, Наталия Бояркина.
700 _aДушков, Живодар Иванов
_9368890
852 _bП
942 _cKNG
_n0
_03
_s1
944 _aCR
_c2022-10-07
_k30556
_lТеодора Пейчева-Дянкова